Criterios simplificados para evaluación de vulnerabilidad a licuación de terraplenes de carreteras en zonas aluviales
সংরক্ষণ করুন:
| প্রধান লেখক: | |
|---|---|
| অন্যান্য লেখক: | |
| বিন্যাস: | গ্রন্থ |
| প্রকাশিত: |
[San José, Costa Rica]
2010
|
| বিষয়গুলি: | |
| ট্যাগগুলো: |
ট্যাগ যুক্ত করুন
কোনো ট্যাগ নেই, প্রথমজন হিসাবে ট্যাগ করুন!
|
MARC
| LEADER | 00000nam a2200000Ia 4500 | ||
|---|---|---|---|
| 003 | 010030 | ||
| 005 | 20240419081618.0 | ||
| 008 | 140114s2010 cr a 000 ||s d | ||
| 040 | |c cru CEDI | ||
| 090 | |a TFG 6201 | ||
| 100 | |a Ulate Elizondo, Dorian Antonio, 1982 |9 2959 | ||
| 245 | |a Criterios simplificados para evaluación de vulnerabilidad a licuación de terraplenes de carreteras en zonas aluviales | ||
| 260 | |a [San José, Costa Rica] |c 2010 | ||
| 500 | |a Proyecto de graduación (licenciatura en ingeniería civil)--Universidad de Costa Rica. Facultad de Ingeniería. Escuela de Ingeniería Civil | ||
| 501 | |a Director del Proyecto de Graduación: Ing. William Vargas Monge, Ph.D. | ||
| 650 | |x LICUEFACCION DE SUELOS - MODELOS MATEMATICOS |x CARRETERAS- MEDIDAS DE SEGURIDAD - COSTA RICA |x MEDIDAS DE SEGURIDAD |x LICUEFACCION DE SUELOS - EVALUACION |x VULNERABILIDAD SISMICA |x TERRAPLEN |x LLANURAS ALUVIALES |9 2957 | ||
| 700 | |a Vargas Monge, William, 1961- |d Director del TFG |9 546 | ||
| 942 | |c TFG |h TFG 6201 |i 010030 |6 TFG_6201_010030000000000 | ||
| 999 | |c 16002 |d 16002 | ||
